| 000 | 00857nac a22002651u 4500 | ||
|---|---|---|---|
| 999 |
_c247 _d247 |
||
| 003 | EG-ScBUE | ||
| 005 | 20210227105236.0 | ||
| 008 | 200219t1989 le f 000 1 eng d | ||
| 040 |
_aEG-ScBUE _beng _erda _cEG-ScBUE _dEG-ScBUE |
||
| 082 | 0 | 4 |
_a823 _bHEM _222 |
| 100 | 1 |
_aHemingway, Ernest, _d1899-1961, _eauthor. _910946 |
|
| 245 | 1 | 0 |
_aFiesta : _bthe sun also rises : with an introduction, a guide, notes and a glossary / _cErnest Hemingway. |
| 264 | 1 |
_aBeirut : _bYork Press, _c[1989] |
|
| 264 | 4 | _cc1989 | |
| 300 |
_axxxvi, 259 pages ; _c18 cm. |
||
| 336 |
_2rdacontent _atext _btxt |
||
| 337 |
_2rdamedia _aunmediated _bn |
||
| 338 |
_2rdacarrier _avolume _bnc |
||
| 490 | 0 | _aYork classics | |
| 650 | 7 |
_aEnglish fiction. _2BUEsh |
|
| 651 | _2BUEsh | ||
| 653 |
_bHHUUEENN _cFebruary2021 |
||
| 655 |
_vReading book _934232 |
||
| 942 |
_cBB _k823H488 _2ddc |
||